1737 1413 1150 1465 1135 1897 1641 1716 1491 1865 1012 1809 1242 1634 1425 1535 1292 1985 1380 1587 1947 1491 1674 1961 1880 1352 1886 1510 1341 1777 1855 1928 1260 1590 1362 1155 1662 1896 1853 1500 1681 1624 1012 1695 1277 1120 1785 1280 1961 1685 1047 1631 1487 1044 1383 1070 1396 1631 1828 1763 1799 1238 1932 1628 1388 1215 1154 1145 1373 1980 1734 1821 1745 1538 1778 1679 1183 1159 1435 1006 1101 1260 1067 1896 1595 1196 1925 1459 1468 1242 1298 1823 1837 1596 1770 1095 1825 1126 1761 BCNSPRNW ULIB Ver.6.0+V

เปลี่ยนเป็นภาษาไทย

Change to English
 แสดงรายละเอียดบรรณานุกรม
  กลับหน้าหลัก

Brief Record : Get Marc (ISO 2709) : E-mail record : QR code < ปิดหน้าต่าง
LEADER : 00000nam 2200000uu 4500
001    13399120393
003     ULIB
008    120919s2549||||th 000 0 tha d
020    ^a9749755820(ล.1)
060  4 ^aWA546^bม246ก ล.1 2549
110 1  ^aมหาวิทยาลัยสุโขทัยธรรมาธิราช^bสาขาวิชาวิทยาศาสตร์สุขภาพ
245 00 ^aเอกสารการสอนชุดวิชา การทำงานชุมชนด้านสาธารณสุข หน่วยที่ 1-8=^bPublic health work in the community/^cสาขาวิชาวิทยาศาสตร์สุขภาพ มหาวิทยาลัยสุโขทัยธรรมาธิราช
246 0  ^aPublic health work in the community
250    ^aพิมพ์ครั้งที่ 6
260    ^aนนทบุรี:^bศูนย์หนังสือมหาวิทยาลัยสุโขทัยธรรมาธิราช,^c2549
300    ^a445 หน้า
650  7 ^aสาธารณสุข
650  7 ^aอนามัยชุมชน
945    ^p0^l0^i14734
995    ^aกัณชพร
999 ^a ใช้งานได้ทุกระบบ
รายการนี้ยังไม่มีแท็ก
คุณยังไม่ได้ล็อกอิน คุณสามารถมีกิจกรรมร่วมกับเว็บไซต์ได้ แต่ต้องล็อกอินก่อน ::
  ล็อกอิน

รายการสื่อสารสนเทศ

ลำดับที่ ประเภท เลขเรียก/บาร์โค้ด สถานที่ สถานะ
1. วิทยาศาสตร์การแพทย์ และสุขภาพ
วิทยาศาสตร์การแพทย์ และสุขภาพ
WA546 ม246ก ล.1 2549  
  Barcode: 14734
ห้องสมุดวิทยาเขตสวรรค์ประชารักษ์
►หนังสือทั่วไป
บนชั้น

รายการใกล้เคียง
    หัวเรื่อง [สาธารณสุข]
    หัวเรื่อง [อนามัยชุมชน]

BibComment


ยังไม่เคยถูกคอมเมนท์

คอมเมนท์ทรัพยากรรายการนี้
  คอมเมนท์: เอกสารการสอนชุดว..


 Copyright 2026. Bcnsprnw @Library